Statistics for Monty Python's Philosophers' Football Match

Click here to take the quiz!

General Stats

  • This quiz has been taken 76 times
  • The average score is 11 of 26

Answer Stats

SideAnswer% Correct
GreekSocrates (capt)
93%
GreekAristotle
90%
GreekPlato (gk)
86%
GermansImmanuel Kant
80%
GermansKarl Marx (substitute)
70%
GermansFriedrich Nietzsche
68%
GermansGeorg "Nobby" Hegel (capt)
62%
GermansArthur Schopenhauer
49%
GreekArchimedes
45%
GermansLudwig Wittgenstein
44%
GermansMartin Heidegger
44%
RefereeK'ung Fu-tsu (confucius)
38%
GermansGottfried Leibniz (gk)
32%
LinesmanSt Thomas Aquinas
30%
GreekEpicurus
27%
GermansFranz Beckenbauer
27%
GreekHeraklitus
27%
LinesmanSt-Augustine
24%
GreekDemocritus
23%
GermansKarl Schlegel
23%
Greek"Chopper" Sophocles
15%
GermansFriedrich Schelling
14%
GreekEmpedocles of Acragas
13%
GermansKarl Jaspers
13%
GreekPlotinus
10%
GreekEpictetus
8%

Score Distribution

Percentile by Number Answered

Percent of People with Each Score

Your Score History

You have not taken this quiz